| 000 | 01066nam a2200301 a 4500 | ||
|---|---|---|---|
| 001 | 1146372 | ||
| 003 | NUST-PNEC | ||
| 005 | 20170116180740.0 | ||
| 008 | 950906s1995 caua 000 0 eng | ||
| 010 | _a 95067725 | ||
| 020 | _a0782116477 | ||
| 040 | _cPNEC | ||
| 050 | 0 | 0 |
_aQA76.9.D3 _bS56332 1995 |
| 082 | 0 | 0 |
_a005.7565 SIE _220 |
| 100 | 1 | _aSiegel, Charles. | |
| 245 | 1 | 0 |
_aMastering Visual FoxPro 3 / _cCharles Siegel. |
| 250 | _aSpecial ed., 3rd ed. | ||
| 260 |
_aSan Francisco : _bSybex, _cc1995. |
||
| 300 |
_axxxiv, 1089 p. : _bill. ; _c23 cm. |
||
| 500 | _aIncludes index.. | ||
| 500 | _aRev. ed. of: Mastering FoxPro 2.6. c1994. | ||
| 630 | 0 | 0 | _aVisual FoxPro for Windows. |
| 650 | 0 |
_aDatabase management. _xMIS, Computer |
|
| 856 | _uhttp://www.amazon.com/Mastering-Visual-Foxpro-3-Special/dp/0782116477/ref=sr_1_1?s=books&ie=UTF8&qid=1418516268&sr=1-1&keywords=0782116477 | ||
| 906 |
_a7 _bcbc _corignew _d2 _eopcn _f19 _gy-gencatlg |
||
| 942 |
_2ddc _cBK |
||
| 999 |
_c62172 _d62172 |
||